Planning local economic development : (Registro nro. 8639)
[ vista simple ]
| 000 -LEADER | |
|---|---|
| fixed length control field | 01809nam a2200289Ia 4500 |
| 003 - CONTROL NUMBER IDENTIFIER | |
| control field | OSt |
| 005 - DATE AND TIME OF LATEST TRANSACTION | |
| control field | 20211022125626.0 |
| 008 - FIXED-LENGTH DATA ELEMENTS--GENERAL INFORMATION | |
| fixed length control field | 210310t2013 eu aod fr 000 0deng d |
| 020 ## - INTERNATIONAL STANDARD BOOK NUMBER | |
| International Standard Book Number | 9781452242590 |
| 040 ## - CATALOGING SOURCE | |
| Original cataloging agency | CO-JMCR |
| Transcribing agency | CO-JMCR |
| 041 0# - LANGUAGE CODE | |
| Language code of text/sound track or separate title | eng |
| 082 04 - DEWEY DECIMAL CLASSIFICATION NUMBER | |
| Classification number | 338.973 / |
| Item number | G795p |
| Edition number | 23 |
| 100 1# - MAIN ENTRY--PERSONAL NAME | |
| Personal name | Green Leigh, Nancey, |
| 9 (RLIN) | 17855 |
| Relator term | autora |
| 245 10 - TITLE STATEMENT | |
| Title | Planning local economic development : |
| Remainder of title | theory and practice / |
| Statement of responsibility, etc. | Nancey Green Leigh, Edward J. Blakely |
| 250 ## - EDITION STATEMENT | |
| Edition statement | Fifth edition |
| 260 ## - PUBLICATION, DISTRIBUTION, ETC. | |
| Place of publication, distribution, etc. | Los Ángeles : |
| Name of publisher, distributor, etc. | Sage, |
| Date of publication, distribution, etc. | ©2013 |
| 300 ## - PHYSICAL DESCRIPTION | |
| Extent | xviii, 456 páginas : |
| Other physical details | ilustraciones, fotografías y gráficas a blanco y negro ; |
| Dimensions | 23 cm. |
| 500 ## - GENERAL NOTE | |
| General note | Incluye datos biográficos de los autores. |
| 504 ## - BIBLIOGRAPHY, ETC. NOTE | |
| Bibliography, etc. note | Bibliografía al final de cada capítulo. |
| 505 0# - FORMATTED CONTENTS NOTE | |
| Formatted contents note | The enduring argument for local economic development planning -- The influence of national and state policies on local economic development -- Concepts and theory of local economic development -- The local economic development profession and professionals -- The local economic development planning process -- Introduction to analytical methods for local economic development planning -- Local economic development strategy -- Locality development -- Business development -- Human resource development -- Community economic development -- Building the implementation plan -- Institutional approaches to local economic development -- Local economic development planning´s response to the flatter and climate-challenged world |
| 650 14 - SUBJECT ADDED ENTRY--TOPICAL TERM | |
| Topical term or geographic name entry element | Desarrollo económico |
| 9 (RLIN) | 17857 |
| Geographic subdivision | Estados Unidos |
| 650 24 - SUBJECT ADDED ENTRY--TOPICAL TERM | |
| Topical term or geographic name entry element | Desarrollo comunitario |
| Geographic subdivision | Estados Unidos |
| 9 (RLIN) | 41256 |
| 650 24 - SUBJECT ADDED ENTRY--TOPICAL TERM | |
| Topical term or geographic name entry element | Promoción industrial |
| Geographic subdivision | Estados Unidos |
| 9 (RLIN) | 41257 |
| 650 24 - SUBJECT ADDED ENTRY--TOPICAL TERM | |
| Topical term or geographic name entry element | Planificación regional |
| Geographic subdivision | Estados Unidos |
| 9 (RLIN) | 41258 |
| 700 1# - ADDED ENTRY--PERSONAL NAME | |
| Personal name | Blakely, Edward J., |
| Relator term | autor |
| 9 (RLIN) | 41259 |
| 942 ## - ADDED ENTRY ELEMENTS (KOHA) | |
| Source of classification or shelving scheme | Dewey Decimal Classification |
| Koha item type | Books |
| Withdrawn status | Lost status | Source of classification or shelving scheme | Damaged status | Not for loan | Collection code | Home library | Current library | Date acquired | Source of acquisition | Full call number | Barcode | Date last seen | Copy number | Koha item type |
|---|---|---|---|---|---|---|---|---|---|---|---|---|---|---|
| Dewey Decimal Classification | Non-fiction | Biblioteca Pública José María del Castillo y Rada | Biblioteca Pública José María del Castillo y Rada | 04/15/2018 | Donación | 338.973 / G795p | 430000378 | 05/16/2024 | Ej.1 | Books |